Boardgames - Top 100 BGG - Statistics

General Stats
  • This quiz has been taken 124 times
  • The average score is 29 of 100
Answer Stats
Rank Answer % Correct
1 Gloomhaven
82%
2 Pandemic Legacy: Season 1
73%
36 Pandemic Legacy Season 2
70%
21 Wingspan
69%
3 Brass Birmingham
66%
6 Twilight Imperium Fourth Edition
66%
4 Terraforming Mars
66%
84 Twilight Imperium Third Edition
66%
34 Agricola
62%
77 Agricola Revised Edition
62%
14 Scythe
58%
73 7 Wonders
53%
17 Terra Mystica
51%
55 Azul
48%
19 Brass Lancashire
48%
22 A Feast for Odin
46%
33 Blood Rage
45%
7 Gaia Project
45%
13 Twilight Struggle
45%
31 Caverna The Cave Farmers
43%
5 Gloomhaven Jaws of the Lion
43%
11 Spirit Island
43%
15 The Castles of Burgundy
43%
98 Codenames
42%
89 Dominion Intrigue
40%
9 | 58 Through the Ages A Story of Civilization
40%
29 Puerto Rico
39%
8 Star Wars Rebellion
39%
40 The Crew The Quest for Planet Nine
39%
24 Viticulture Essential Edition
39%
10 Great Western Trail
38%
23 Arkham Horror The Card Game
37%
30 Dune Imperium
36%
28 Everdell
33%
53 Le Havre
33%
52 Lost Ruins of Arnak
33%
51 Star Wars Imperial Assault
32%
26 Root
31%
16 7 Wonders Duel
30%
20 Nemesis
27%
25 Orleans
27%
12 War of the Ring Second Edtion
27%
27 Mage Knight
26%
90 Rising Sun
26%
61 Aeons End
25%
66 Robinson Crusoe Adventures on the Cursed Island
25%
69 The Voyages of Marco Polo
25%
92 Patchwork
24%
68 Race for the Galaxy
24%
64 The Quacks of Quedlinburg
24%
38 Marcel Champions The Card Game
23%
91 The Lord of the Rings Journeys in Middle-East
23%
47 Power Grid
22%
18 Concordia
20%
83 El Grande
20%
43 Underwater Cities
20%
56 Eclipse
19%
60 Eclipse Second Dawn for the Galaxy
19%
87 Eldritch Horror
19%
44 Kingdom Death Monster
19%
54 On Mars
19%
79 Tainted Grail The Fall of Avalon
19%
46 Tzolkin The Mayan Calendar
19%
48 Barrage
18%
37 Maracaibo
18%
100 Roll for the Galaxy
17%
42 The 7th Continent
17%
85 Battlestar Galactica The Board Game
16%
72 Clank A Deck Building Adventure
16%
39 Clank Legacy
16%
76 Lords of Waterdeep
16%
80 Grand Austria Hotel
15%
63 Lisboa
15%
71 Teotihuacan City of Gods
15%
97 Lorenzo il Magnifico
14%
35 Mansions of Madness Second Edition
14%
81 Architects of the West Kingdom
13%
88 Mombasa
13%
94 Russian Railroads
13%
59 The Gallerist
13%
65 Crokinole
12%
32 Food Chain Magnate
12%
70 Paladins of the West Kingdom
12%
93 Raiders of the North Sea
12%
50 Clans of Caledonia
11%
49 Mechs vs. Minions
11%
95 Tigris & Euphrates
11%
99 Trajan
11%
45 Anachrony
10%
67 Fields of Arle
10%
74 Five Tribes
10%
75 Dominant Species
9%
41 Too Many Bones
9%
82 Caylus
8%
96 The Isle of Cats
8%
62 Android Netrunner
7%
57 Pax Pamir Second Edtion
7%
78 Keyflower
6%
86 Troyes
5%
No matching quizzes found
Score Distribution
Percent of People with Each Score
Percentile by Number Answered
Your Score History
You have not taken this quiz